Music Quiz

Random Music or Album Quiz

Viva La Vida- Coldplay Quiz Stats

 Plays Quiz not verified by Sporcle

Challenge
Share
Tweet
Embed
Score 0/10 Timer 08:00
0 Plays Today
Number of Words/Numbers Song Title % Correct
3Viva La Vida
97.4%
2Violet Hill
87%
3Reign of Love
85.6%
1Lost!
85.2%
2Strawberry Swing
83.7%
5Death And All His Friends
83.3%
142
81.1%
3Life in Technicolor
81.1%
1Yes
73%
3Cemeteries of London
73%

You're not logged in!

Compare scores with friends on all Sporcle quizzes.
OR
Log In

You Might Also Like...

Show Comments

Extras

Top Quizzes Today


Score Distribution

Your Account Isn't Verified!

In order to create a playlist on Sporcle, you need to verify the email address you used during registration. Go to your Sporcle Settings to finish the process.

Report this User

Report this user for behavior that violates our Community Guidelines.

Details: